10 Größte Städte pro Kontinent - Statistiken

Allgemein
  • Dieses Quiz wurde 135 mal gespielt
  • Das Durchschnittsergebnis liegt bei 35 aus 60
Antwortstatistiken
Kontinent Stadt % Korrekt
Europa London
97%
Europa Moskau
96%
Europa Paris
96%
Europa Berlin
94%
Europa Madrid
94%
Asien Tokio
91%
Nordamerika New York City
88%
Europa Rom
88%
Europa Istanbul
87%
Asien Peking
86%
Afrika Kairo
85%
Nordamerika Los Angeles
83%
Ozeanien Sydney
82%
Nordamerika Mexiko-Stadt
80%
Südamerika Rio de Janeiro
80%
Südamerika Buenos Aires
79%
Europa Sankt Petersburg
78%
Ozeanien Melbourne
76%
Asien Shanghai
76%
Ozeanien Wellington
74%
Südamerika São Paulo
73%
Afrika Johannesburg
70%
Südamerika Bogota
69%
Asien Neu Delhi
69%
Afrika Kapstadt
68%
Nordamerika Chicago
67%
Südamerika Lima
66%
Asien Mumbai
65%
Südamerika Brasilia
64%
Südamerika Santiago
64%
Ozeanien Canberra
63%
Afrika Kinshasa
63%
Afrika Lagos
63%
Nordamerika Toronto
63%
Ozeanien Perth
61%
Europa Kiew
60%
Ozeanien Auckland
59%
Europa Wien
55%
Nordamerika Houston
53%
Ozeanien Brisbane
50%
Afrika Nairobi
50%
Asien Osaka
46%
Afrika Alexandria
45%
Ozeanien Adelaide
44%
Nordamerika Montreal
38%
Afrika Luanda
37%
Nordamerika Philadelphia
37%
Südamerika Belo Horizonte
36%
Asien Dhaka
36%
Nordamerika Phoenix
33%
Nordamerika Havanna
24%
Asien Karatschi
19%
Südamerika Fortaleza
18%
Südamerika Salvador da Bahia
17%
Afrika Abidjan
16%
Ozeanien Gold Coast
16%
Afrika Daressalam
15%
Ozeanien Newcastle
10%
Asien Chongqing
8%
Asien Kulkutta
0%
Keine übereinstimmenden Quizze gefunden
Verteilung der Resultate
Anzahl Personen mit jedem Resultat
Perzentil nach korrekt beantworteten Fragen
Ihre Resultats-Entwicklung
Sie haben dieses Quiz noch nicht gespielt